00803nam a2200169 a 450000500170000000800410001705000200005810000190007824500980009726000370019552001390023265000420037165000580041365000450047199900190051695200980053520140414131907.0100930s19uu xx 00 eng d aM 597bM17 1978 aMcGovern, Ann. aShark lady :btrue adventures of Eugenie Clark /cby Ann McGovern ; illustrated by Ruth Chew. aNew York :bScholastic ,cc1978. aA biography of the ichthyologist whose interest in fish began at the age of nine during weekly trips to the Aquarium in New York City. aClark, Eugenie --Juvenile literature. aIchthyologists --United States --Juvenile literature. aSharks --Research --Juvenile literature. c110994d110994 001040aMUbMUcMd2010-09-30l0oM 597 M17 1978pM1542r2014-04-14 00:00:00w2014-04-14yBK